[Event "87th Argentinean Championship"]
[Site "Villa Martelli, ARG"]
[Date "2013.04.04"]
[Round "2.11"]
[White "Perez Pietronave, Carlos"]
[Black "Villanueva, Mario"]
[Result "1/2-1/2"]
[WhiteElo "2203"]
[BlackElo "2379"]

1. e4 e5 2. Nf3 Nf6 3. d4 exd4 4. e5 Ne4 5. Qxd4 d5 6. exd6 Nxd6 7. Nc3 Nc6
8. Qf4 Nf5 9. Bb5 Bd6 10. Qe4+ Qe7 11. O-O O-O 12. Re1 Qxe4 13. Nxe4 Ne5 14.
Nxe5 Bxe5 15. c3 Nd6 16. Ba4 Nxe4 17. Rxe4 Bd6 1/2-1/2

[Event "87th Argentinean Championship"]
[Site "Villa Martelli, ARG"]
[Date "2013.04.04"]
[Round "2.12"]
[White "Krysa, Leandro Sergio"]
[Black "Nieva, Jose Luis"]
[Result "1-0"]
[WhiteElo "2378"]
[BlackElo "2039"]

1. d4 d5 2. c4 e6 3. Nc3 c5 4. cxd5 exd5 5. Nf3 Nc6 6. g3 Nf6 7. Bg2 Be7 8.
O-O O-O 9. Bg5 cxd4 10. Nxd4 h6 11. Be3 Re8 12. Qa4 Bd7 13. Rad1 Na5 14. Qc2
Rc8 15. Nf5 Bf8 16. Bxd5 Nxd5 17. Rxd5 Qc7 18. Bf4 Qc6 19. Rxa5 b5 20. Rd1 b4
21. Rxa7 Red8 22. Nd4 Qb6 23. Rc7 Rxc7 24. Bxc7 Qxc7 25. Nd5 Qa5 26. Nc6 Bxc6
27. Qxc6 Rd6 28. Qc4 Ra6 29. Ra1 Re6 30. e4 b3 31. Qxb3 Rxe4 32. Nc3 Re6 33.
Rd1 Bd6 34. Qb5 Qa8 35. Qd5 Qb8 36. b3 Qb4 37. Qc4 Qa5 38. a4 Qf5 39. Qd3
Qg4 40. Kg2 h5 41. h3 Qb4 42. Nd5 Qb7 43. Qf3 Qb8 44. b4 h4 45. g4 Qe8 46. b5
Bc5 47. Nc7 1-0

[Event "87th Argentinean Championship"]
[Site "Villa Martelli, ARG"]
[Date "2013.04.04"]
[Round "2.13"]
[White "Rivero, Raul Omar"]
[Black "Mareco, Sandro"]
[Result "0-1"]
[WhiteElo "1892"]
[BlackElo "2580"]

1. e4 c5 2. Ne2 e6 3. g3 d6 4. Bg2 Nf6 5. d3 Nc6 6. O-O Be7 7. Nbc3 a6 8. h3
Rb8 9. a4 O-O 10. f4 d5 11. Qe1 d4 12. Nd1 e5 13. Bd2 Nd7 14. Nf2 b5 15. axb5
axb5 16. Ba5 Qe8 17. Ng4 f6 18. Bd2 c4 19. Kh2 Nc5 20. Nf2 Qf7 21. g4 b4 22.
dxc4 Qxc4 23. Rc1 Re8 24. b3 Qb5 25. Rg1 d3 26. Nxd3 Nxd3 27. cxd3 Na5 28.
Rb1 Qxd3 29. Ng3 Nxb3 30. Be3 Be6 31. Bf1 Qc3 32. Qf2 exf4 33. Qxf4 Red8 34.
Qf2 Bc5 35. Bxc5 Nxc5 36. Bg2 Qe5 37. Kh1 b3 38. Nf5 Nxe4 39. Qa7 Bxf5 40.
gxf5 Ng3+ 0-1

[Event "87th Argentinean Championship"]
[Site "Villa Martelli, ARG"]
[Date "2013.04.04"]
[Round "2.14"]
[White "Pineiro, Dario"]
[Black "Malbran, Guillermo"]
[Result "1-0"]
[WhiteElo "2194"]
[BlackElo "2198"]

1. c4 e5 2. g3 Nf6 3. Bg2 c6 4. d4 e4 5. Nc3 d5 6. Bg5 Bb4 7. cxd5 cxd5 8.
Nh3 Nbd7 9. O-O Bxc3 10. bxc3 h6 11. Bxf6 Nxf6 12. Qa4+ Qd7 13. Qb4 Qe7 14.
Qb5+ Qd7 15. Qb4 Qe7 16. Rab1 Qxb4 17. Rxb4 b6 18. c4 dxc4 19. Rxc4 O-O 20. Rfc1
Be6 21. R4c2 Rfd8 22. e3 g5 23. Kf1 Rd5 24. Ke2 Ra5 25. f3 exf3+ 26. Bxf3
Rd8 27. Nf2 Ra3 28. Nd3 Bf5 29. Rd1 Ne4 30. g4 Bg6 31. Bxe4 Bxe4 32. Rdd2 Re8
33. Rb2 Bd5 34. Kf2 Be6 35. h3 Rc8 36. Ne5 f6 37. d5 Bxd5 38. Rxd5 fxe5 39.
Rxe5 { Tiempo} 1-0

[Event "87th Argentinean Championship"]
[Site "Villa Martelli, ARG"]
[Date "2013.04.04"]
[Round "2.16"]
[White "Lopez Rebert, Pablo"]
[Black "Ferrara, Alexis Roberto"]
[Result "1/2-1/2"]
[WhiteElo "2049"]
[BlackElo "2195"]

1. e4 c5 2. c3 Nf6 3. e5 Nd5 4. d4 cxd4 5. Nf3 e6 6. cxd4 Nc6 7. Bd3 d6 8.
exd6 Bxd6 9. O-O O-O 10. Nc3 Be7 11. a3 b6 12. Bc2 Bb7 13. Qd3 g6 14. Bh6 Re8
15. Rfe1 Nxc3 16. bxc3 Bf6 17. Rad1 Ne7 18. Ne5 Nf5 19. Bf4 Bg5 20. Qd2 Bxf4
21. Qxf4 Qh4 22. Qxh4 Nxh4 23. Be4 Bxe4 24. Rxe4 Nf5 25. Rf4 Re7 26. g4 Nd6
27. g5 Rc8 28. Rd3 Rec7 29. Rff3 Ne4 30. h4 Nxc3 31. Nxf7 Ne2+ 32. Kf1 Rxf7 33.
Kxe2 Rc2+ 34. Ke3 Rf5 35. Rxf5 exf5 36. d5 Kf7 37. f3 Ke7 38. h5 Kd6 39.
hxg6 hxg6 40. Kf4 Rc4+ 41. Kg3 Rc5 42. Re3 Kxd5 43. Re7 a5 44. Rd7+ Ke5 45. Re7+
Kd5 46. Rd7+ Ke5 47. Re7+ Kd5 1/2-1/2

[Event "87th Argentinean Championship"]
[Site "Villa Martelli, ARG"]
[Date "2013.04.04"]
[Round "2.17"]
[White "Franco, Gaston Nicolas"]
[Black "Bertaccini, Daniel"]
[Result "1-0"]
[WhiteElo "2042"]
[BlackElo "2176"]

1. e4 d6 2. d4 Nf6 3. Nc3 g6 4. Bc4 c6 5. a4 d5 6. exd5 cxd5 7. Bb5+ Bd7 8.
Bf4 a6 9. Be2 Bg7 10. Be5 Nc6 11. Nf3 Bf5 12. O-O O-O 13. Nh4 Be6 14. f4 Nxe5
15. dxe5 Qb6+ 16. Kh1 Ne4 17. Qe1 Qxb2 18. Nxe4 dxe4 19. c4 Qd4 20. Qg3 Bxc4
21. Rad1 Qc5 22. Bxc4 Qxc4 23. f5 Rad8 24. f6 exf6 25. Nf5 Rd3 26. Qh4 Rxd1
27. Rxd1 fxe5 28. Ne7+ Kh8 29. h3 Qxa4 30. Rd8 Qa1+ 31. Kh2 Qf1 32. Nd5 Qf5
33. Qe7 Kg8 34. Nf6+ Qxf6 35. Rxf8+ Bxf8 36. Qxf6 Bg7 37. Qb6 e3 38. Qxe3 b5
39. Qb6 Bf8 40. Qxa6 b4 41. Qf6 e4 42. Kg3 Bh6 43. Qd8+ Bf8 44. Qd5 e3 45. Kf3
Bg7 46. Qd8+ Bf8 47. Kxe3 Kg7 48. Ke4 h6 49. Ke5 h5 50. h4 b3 51. Qb8 Be7 52.
Qxb3 Bxh4 53. Kd6 Kf8 54. Kd7 Bf6 55. Qb4+ Kg7 56. Ke8 Be5 57. Qe7 Bg3 58.
Qxf7+ Kh6 59. Qf6 1-0

[Event "87th Argentinean Championship"]
[Site "Villa Martelli, ARG"]
[Date "2013.04.04"]
[Round "2.18"]
[White "Fiori, Hector Dionisio"]
[Black "Galleto, Ricardo Ruben"]
[Result "1-0"]
[WhiteElo "2171"]
[BlackElo "2014"]

1. e4 d5 2. exd5 c6 3. dxc6 e5 4. cxb7 Bxb7 5. Bb5+ Nc6 6. Nf3 e4 7. Qe2 Nf6
8. Ne5 Qd5 9. Nxc6 Bxc6 10. Nc3 Qe6 11. Bxc6+ Qxc6 12. O-O O-O-O 13. a4 Bd6
14. a5 Rde8 15. Ra4 Kb8 16. Rc4 Qb7 17. a6 Qe7 18. d4 h6 19. Nb5 Rc8 20. Nxd6
Qxd6 21. Rxc8+ Rxc8 22. Qb5+ Qb6 23. Bf4+ Ka8 24. Qxb6 axb6 25. c3 Nd5 26.
Bd2 f5 27. Re1 b5 28. f3 Nf6 29. Bf4 exf3 30. gxf3 Nd5 31. Bd2 b4 32. cxb4 Rc2
33. Bc3 f4 34. b5 Ka7 35. Re5 Ne3 36. Re7+ Ka8 37. b6 1-0

[Event "87th Argentinean Championship"]
[Site "Villa Martelli, ARG"]
[Date "2013.04.04"]
[Round "2.19"]
[White "Lopez, Sebastian"]
[Black "Villarreal, Hector"]
[Result "1-0"]
[WhiteElo "2013"]
[BlackElo "2169"]

1. Nf3 d5 2. d4 Nf6 3. g3 g6 4. Bg2 Bg7 5. c4 c6 6. cxd5 cxd5 7. Nc3 O-O 8.
O-O h6 9. Qb3 Nc6 10. Rd1 Ne4 11. e3 Nxc3 12. bxc3 Na5 13. Qb5 a6 14. Qe2 Bd7
15. Nd2 Ba4 16. Re1 Rc8 17. Qf3 e6 18. Ba3 Rxc3 19. Bxf8 Qxf8 20. Qf4 Rc2 21.
Nf3 g5 22. Nxg5 hxg5 23. Qxg5 Qc8 24. e4 f6 25. Qf4 e5 26. dxe5 fxe5 27. Qh4
d4 28. Bh3 Bd7 29. Bf1 Qf8 30. f4 Nc6 31. f5 b5 32. g4 Bf6 33. Qg3 Qh6 34.
Qb3+ Rc4 35. Bxc4+ bxc4 36. Qxc4+ Kf8 37. Rab1 Qf4 38. Rb3 Bh4 39. Re2 Qxg4+
40. Rg2 Qd1+ 41. Qf1 Qh5 42. Qxa6 d3 43. Qxd3 Nd4 44. Rb8+ Ke7 45. Qa3+ 1-0

[Event "87th Argentinean Championship"]
[Site "Villa Martelli, ARG"]
[Date "2013.04.04"]
[Round "2.20"]
[White "Fiori, Alberto Nicolas"]
[Black "Radoszta, Armando E."]
[Result "1/2-1/2"]
[WhiteElo "2128"]
[BlackElo "1998"]

1. d4 d5 2. Nf3 Nf6 3. Bf4 c6 4. Nbd2 Qb6 5. Rb1 Bg4 6. e3 e6 7. Be2 Nbd7 8.
O-O c5 9. c4 Bf5 10. cxd5 exd5 11. Rc1 c4 12. e4 Nxe4 13. Nxe4 Bxe4 14. Nd2
Nf6 15. Nxe4 Nxe4 16. Bf3 Bd6 17. Bxd6 Qxd6 18. Bxe4 dxe4 19. Rxc4 O-O 20. Qc2
b5 21. Rc7 Qxd4 22. Rd1 Qe5 23. Rc5 Qe6 24. Rxb5 e3 25. fxe3 Qxe3+ 26. Qf2
Qe6 27. b3 h6 28. h3 Rfe8 29. Rb7 Rad8 30. Rf1 Rd7 31. Rxa7 Qd5 32. Rxd7 Qxd7
33. a4 f6 34. Re1 Rb8 35. Qe3 Qd5 36. Qe6+ Qxe6 37. Rxe6 Rxb3 38. a5 Ra3 39.
a6 Kf7 40. Rc6 Kg6 41. Kf2 Kg5 42. Rc7 Rxa6 43. Rxg7+ Kf4 44. Rg4+ Ke5 45.
Rg6 Kf5 46. Rxh6 Kg5 47. Rh8 Ra4 48. Rg8+ Kf5 49. Re8 Kg5 50. Kf3 Ra3+ 51. Re3
Ra4 52. Rc3 Ra5 53. g3 Rf5+ 54. Ke4 Re5+ 55. Kd4 Re1 56. Rc5+ Kg6 57. g4 Rh1
58. Rc3 Re1 59. Re3 Ra1 60. Ke4 Kg5 61. Kf3 f5 62. Rb3 fxg4+ 63. hxg4 Ra4 64.
Rb5+ Kg6 65. Kg3 Ra1 1/2-1/2

[Event "87th Argentinean Championship"]
[Site "Villa Martelli, ARG"]
[Date "2013.04.05"]
[Round "3.1"]
[White "Diaz Hollemaert, Nahuel"]
[Black "Flores, Diego"]
[Result "0-1"]
[WhiteElo "2418"]
[BlackElo "2600"]

1. Nf3 g6 2. g3 Bg7 3. d4 Nf6 4. Bg2 O-O 5. O-O d6 6. c4 Nc6 7. d5 Na5 8. Qa4
c5 9. Bd2 b6 10. Bc3 e5 11. Nbd2 Ng4 12. e4 f5 13. exf5 gxf5 14. h3 Nh6 15.
Qc2 Bd7 16. b3 Qe7 17. Rfe1 Bf6 18. Nh2 Qg7 19. Ndf1 Rae8 20. Re2 f4 21. Rae1
fxg3 22. fxg3 Nf5 23. Ng4 h5 24. Nf2 Nd4 25. Bxd4 exd4 26. Nd3 Be5 27. Qd1
Bxg3 28. Rxe8 Rxe8 29. Nxg3 Qxg3 30. Rxe8+ Bxe8 31. Qe2 Kf8 32. Nf2 Qe5 33.
Be4 Bd7 34. Qf3+ Ke7 35. Kf1 b5 36. cxb5 Bxb5+ 37. Kg2 Qg5+ 38. Kh2 c4 39. bxc4
Nxc4 40. Qd3 Qf4+ 41. Kg1 Qc1+ 42. Kh2 Qe3 43. Kg2 Kf6 44. h4 Qxd3 45. Nxd3
Ne3+ 46. Kf3 Bxd3 47. Bxd3 Nf5 48. Ke4 Nxh4 49. Kxd4 Kg5 50. Kc4 Kf4 51. Kb5
Ng2 52. Bf1 Kf3 53. Bd3 h4 54. Bf5 Ne3 55. Bh3 Kg3 56. Be6 Ng4 0-1

[Event "87th Argentinean Championship"]
[Site "Villa Martelli, ARG"]
[Date "2013.04.05"]
[Round "3.2"]
[White "Fabian, Gaston"]
[Black "Valerga, Diego"]
[Result "0-1"]
[WhiteElo "2336"]
[BlackElo "2502"]

1. Nf3 d5 2. d4 Nf6 3. c4 e6 4. g3 Bb4+ 5. Bd2 Be7 6. Bg2 O-O 7. O-O c6 8.
Qc2 Nbd7 9. Bf4 a5 10. Rd1 Ne4 11. Nfd2 f5 12. Nxe4 fxe4 13. f3 exf3 14. Bxf3
e5 15. dxe5 g5 16. cxd5 gxf4 17. d6 Nxe5 18. dxe7 Qxe7 19. Nd2 fxg3 20. hxg3
Bf5 21. Qb3+ Be6 22. Qe3 Bxa2 23. Kg2 Be6 24. Ra4 Rae8 25. Qh6 b5 26. Rxa5 Ng4
27. Bxg4 Bxg4 28. Re1 Qc5 0-1

[Event "87th Argentinean Championship"]
[Site "Villa Martelli, ARG"]
[Date "2013.04.05"]
[Round "3.3"]
[White "Slipak, Sergio"]
[Black "Krysa, Leandro Sergio"]
[Result "1/2-1/2"]
[WhiteElo "2438"]
[BlackElo "2378"]

1. c4 Nf6 2. Nc3 d5 3. cxd5 Nxd5 4. g3 c5 5. Bg2 Nc7 6. f4 g6 7. Nf3 Nc6 8.
b3 Bg7 9. Bb2 O-O 10. Na4 Nd4 11. e3 Nxf3+ 12. Bxf3 Bxb2 13. Nxb2 Rb8 14. O-O
b6 15. Na4 Bb7 16. Bxb7 Rxb7 17. Qf3 Qd5 18. f5 Qxf3 19. Rxf3 gxf5 20. Rxf5
Ne6 21. Rd5 Rd8 22. Rxd8+ Nxd8 23. Kf2 Nc6 24. Ke2 Rd7 1/2-1/2

[Event "87th Argentinean Championship"]
[Site "Villa Martelli, ARG"]
[Date "2013.04.05"]
[Round "3.4"]
[White "Lorenzini, Martin"]
[Black "Pichot, Alan"]
[Result "0-1"]
[WhiteElo "2488"]
[BlackElo "2327"]

1. d4 Nf6 2. Nf3 g6 3. Bg5 Bg7 4. c3 O-O 5. Nbd2 d6 6. e4 Nbd7 7. Bd3 e5 8.
O-O Re8 9. Re1 h6 10. Bh4 g5 11. Bg3 Nh5 12. Nf1 Nf4 13. Bc2 Nf8 14. Ne3 N8g6
15. dxe5 dxe5 16. Qxd8 Rxd8 17. Bb3 Be6 18. Rad1 Bxb3 19. axb3 Nd3 20. Re2
Nc5 21. Rxd8+ Rxd8 22. Rd2 Re8 23. Nf5 Bf8 24. b4 Nxe4 25. Rd7 Nd6 26. Ne3 c6
27. Ng4 Re6 28. Ngxe5 Nxe5 29. Nxe5 Nc4 30. f4 gxf4 31. Nxc4 fxg3 32. hxg3 b5
33. Nd2 c5 34. bxc5 Bxc5+ 35. Kf1 b4 36. cxb4 Bxb4 37. Nf3 a5 38. Rd5 Re3 39.
Nd2 Rxg3 40. Kf2 Rg6 41. Nc4 Rg5 42. Rd8+ Kg7 43. Ra8 Rc5 44. b3 Bc3 45. Ke2
Rg5 46. Ne3 Bd4 47. Nc4 Bc3 48. Ne3 Bb4 49. g4 h5 50. gxh5 Rxh5 51. Kd3 Rh1
52. Ke4 Rb1 53. Nf5+ Kg6 54. Ra6+ Kg5 55. Nd4 Bc3 56. Nf3+ Kg4 57. Rb6 f6 58.
Rb5 Rb2 59. Ke3 f5 60. Kd3 Bb4 61. Nd4 Rd2+ 62. Kc4 f4 63. Rb7 Kg3 64. Rg7+
Kf2 65. Rf7 Ke3 66. Nf5+ Ke4 67. Nh4 Rh2 68. Rh7 f3 69. Rh8 Rc2+ 70. Kb5 Rc5+
71. Ka4 f2 72. Re8+ Re5 0-1

[Event "87th Argentinean Championship"]
[Site "Villa Martelli, ARG"]
[Date "2013.04.05"]
[Round "3.5"]
[White "Mareco, Sandro"]
[Black "Giardelli, Sergio C."]
[Result "1-0"]
[WhiteElo "2580"]
[BlackElo "2346"]

1. d4 Nf6 2. c4 e6 3. g3 Bb4+ 4. Bd2 Bxd2+ 5. Qxd2 d5 6. Nf3 O-O 7. Bg2 dxc4
8. Na3 Bd7 9. Nxc4 Bc6 10. O-O Be4 11. Qf4 Bd5 12. Rac1 Nc6 13. Rfe1 Ne7 14.
Ncd2 Rc8 15. e4 Bc6 16. Qe3 Ng6 17. Qc3 Qe7 18. Ne5 Nxe5 19. dxe5 Nd7 20. b3
Rfd8 21. Nf1 Bb5 22. Ne3 b6 23. a4 Ba6 24. b4 h6 25. f4 Bb7 26. Nc4 Nb8 27.
f5 Na6 28. Rb1 Qd7 29. fxe6 Qxe6 30. Bf1 Qd7 31. Ne3 Qd4 32. Qxd4 Rxd4 33. Nf5
Rd7 34. Bb5 c6 35. Bc4 Nc7 36. Nd6 Rb8 37. Rf1 Re7 38. Rxf7 Rxf7 39. Bxf7+
Kh7 40. Rc1 g5 41. e6 Bc8 42. Rxc6 1-0

[Event "87th Argentinean Championship"]
[Site "Villa Martelli, ARG"]
[Date "2013.04.05"]
[Round "3.6"]
[White "Barrionuevo, Pablo"]
[Black "Perez Ponsa, Federico"]
[Result "1/2-1/2"]
[WhiteElo "2269"]
[BlackElo "2476"]

1. d4 Nf6 2. c4 g6 3. Nc3 Bg7 4. e4 d6 5. f4 O-O 6. Nf3 c5 7. d5 e6 8. Be2
exd5 9. cxd5 Nbd7 10. O-O Re8 11. Qc2 Qe7 12. Re1 Nb6 13. Bb5 Bd7 14. a4 Bxb5
15. axb5 Qc7 16. Qd1 c4 17. h3 Nbd7 18. Ra4 a6 19. Kh1 Nb6 20. Ra3 Nfd7 21.
bxa6 bxa6 22. Na4 Rab8 23. e5 dxe5 24. fxe5 Nxe5 25. Bf4 Nbd7 26. Rae3 f6 27.
Nd4 Qd6 28. Nc6 Rb7 29. Qd4 Rf8 30. Bxe5 Nxe5 31. Nxe5 fxe5 32. Qxc4 Rb4 33.
Qc5 Rd8 34. b3 Rb5 35. Qc4 Rb4 36. Qc5 Qxc5 37. Nxc5 Rxd5 38. Nxa6 Rb7 39. b4
Rd6 40. Nc5 Rxb4 41. Nd3 Rb3 42. Nxe5 Rxe3 43. Rxe3 Bxe5 44. Rxe5 1/2-1/2

[Event "87th Argentinean Championship"]
[Site "Villa Martelli, ARG"]
[Date "2013.04.05"]
[Round "3.7"]
[White "Dolezal, Cristian"]
[Black "Perez Pietronave, Carlos"]
[Result "1-0"]
[WhiteElo "2415"]
[BlackElo "2203"]

1. e4 c5 2. d3 g6 3. g3 Bg7 4. Bg2 Nc6 5. c3 Nf6 6. Be3 d6 7. h3 e5 8. a3 a5
9. a4 Be6 10. Na3 Qb6 11. Nb5 d5 12. Bg5 Rd8 13. Qf3 dxe4 14. dxe4 Ke7 15.
Qe2 Rd7 16. Nf3 Rhd8 17. O-O h6 18. Bxf6+ Bxf6 19. Rfd1 Rxd1+ 20. Rxd1 Bc4 21.
Qc2 Rxd1+ 22. Qxd1 Na7 23. Nxa7 Qxa7 24. Bf1 Qa6 25. Nd2 Bxf1 26. Qxf1 Qxf1+
27. Kxf1 Ke6 28. Nc4 Bd8 29. Ke2 f5 30. Kd3 h5 31. Nd2 h4 32. b3 hxg3 33.
fxg3 Bc7 34. Kc4 b6 35. g4 Bd8 36. gxf5+ gxf5 37. exf5+ Kxf5 38. Kd5 Kf4 39. Ne4
Bh4 40. Nd6 Be1 41. c4 Bh4 42. Kc6 Be7 43. Nb5 Bd8 44. Nc3 e4 45. Kd7 Bf6
46. Nd5+ Ke5 47. Kc6 Kd4 48. Kxb6 Bd8+ 49. Kb5 Kd3 50. Kxc5 Kc2 51. Kb5 Kd3 52.
b4 axb4 53. Nxb4+ Kc3 54. c5 Kd4 55. c6 Ke5 56. a5 e3 57. a6 1-0

[Event "87th Argentinean Championship"]
[Site "Villa Martelli, ARG"]
[Date "2013.04.05"]
[Round "3.8"]
[White "Lujan, Carolina"]
[Black "Liascovich, Lucas Agustin"]
[Result "1/2-1/2"]
[WhiteElo "2366"]
[BlackElo "2410"]

1. e4 c5 2. Nf3 d6 3. g3 Nf6 4. d3 g6 5. Bg2 Bg7 6. O-O O-O 7. Re1 Nc6 8. c3
e5 9. a3 b5 10. a4 b4 11. Nbd2 Ba6 12. Nc4 bxc3 13. bxc3 Na5 14. Nxa5 Qxa5
15. Qc2 Rab8 16. c4 Nd7 17. Bd2 Qc7 1/2-1/2

[Event "87th Argentinean Championship"]
[Site "Villa Martelli, ARG"]
[Date "2013.04.05"]
[Round "3.9"]
[White "Villanueva, Mario"]
[Black "Bielicki, Carlos"]
[Result "1-0"]
[WhiteElo "2379"]
[BlackElo "2297"]

1. e4 e5 2. Nf3 Nc6 3. Bb5 a6 4. Ba4 Nf6 5. O-O Be7 6. Re1 b5 7. Bb3 O-O 8.
c3 d6 9. d4 Bg4 10. d5 Na5 11. Bc2 c6 12. h3 Bh5 13. dxc6 Qc8 14. Nbd2 Qxc6
15. Nf1 Nc4 16. Ng3 Bg6 17. Nh4 Rfe8 18. Nhf5 Bf8 19. h4 h6 20. Qf3 Re6 21. h5
Bh7 22. a4 Rd8 23. axb5 axb5 24. b3 Nb6 25. Ra6 Ra8 26. Rxa8 Nxa8 27. Bd2 Nc7
28. b4 d5 29. exd5 Qxd5 30. Ne4 Nxe4 31. Qxe4 Qxe4 32. Bxe4 Ra6 33. Bb1 Bd6
34. g4 Kf8 35. Nxd6 Bg8 36. Nf5 f6 37. Be3 Bd5 38. Bc5+ Kf7 1-0

[Event "87th Argentinean Championship"]
[Site "Villa Martelli, ARG"]
[Date "2013.04.05"]
[Round "3.10"]
[White "Iermito, Sebastian"]
[Black "Pineiro, Dario"]
[Result "1-0"]
[WhiteElo "2463"]
[BlackElo "2194"]

1. d4 f5 2. Nc3 d5 3. Bf4 Nf6 4. e3 e6 5. Nf3 Bd6 6. Bd3 O-O 7. O-O a6 8. Ne2
c5 9. dxc5 Bxc5 10. c4 Nc6 11. Rc1 Bd6 12. cxd5 Nxd5 13. Bxd6 Qxd6 14. e4
Ndb4 15. Bc4 Qxd1 16. Rfxd1 fxe4 17. Ng5 Nd3 18. Bxd3 exd3 19. Rxd3 e5 20. Ng3
h6 21. N5e4 Nb4 22. Rb3 a5 23. a3 Be6 24. Re3 Nd5 25. Ree1 Nf4 26. Nc5 Bd5
27. Nd7 Rfe8 28. Nb6 Rad8 29. Nxd5 Nxd5 30. Rc5 b6 31. Rb5 Kf7 32. h3 Re6 33.
Kh2 g6 34. Kg1 Kf6 35. Rd1 Nc7 36. Rxd8 Nxb5 37. Ne4+ Kf7 38. Rh8 Kg7 39. Rb8
Nd4 40. Rb7+ Kf8 41. Nc3 Rd6 42. Na4 Ne2+ 43. Kh2 Nf4 44. Nxb6 Nd3 45. Kg3
Nc5 46. Rb8+ Kg7 47. Nc4 Rd5 48. Kf3 a4 49. Rb5 e4+ 50. Ke2 Rg5 51. g3 Kf6 52.
h4 Rd5 53. Ne3 Rh5 54. g4 Re5 55. g5+ 1-0

[Event "87th Argentinean Championship"]
[Site "Villa Martelli, ARG"]
[Date "2013.04.05"]
[Round "3.11"]
[White "Franco, Gaston Nicolas"]
[Black "Real De Azua, Ernesto"]
[Result "0-1"]
[WhiteElo "2042"]
[BlackElo "2450"]

1. e4 c5 2. Nf3 e6 3. d4 cxd4 4. Nxd4 a6 5. Nc3 Qc7 6. g3 Bb4 7. Nde2 Be7 8.
Bg2 d6 9. O-O Nf6 10. h3 Nc6 11. a4 b6 12. f4 Bb7 13. f5 Ne5 14. Nd4 Qd7 15.
Qe2 h6 16. Rd1 O-O 17. Bf4 Qc8 18. Ra3 Nc4 19. e5 dxe5 20. Bxb7 Qxb7 21. Bxe5
Nxe5 22. Qxe5 Bxa3 23. bxa3 Rac8 24. Rd3 Rc5 0-1

[Event "87th Argentinean Championship"]
[Site "Villa Martelli, ARG"]
[Date "2013.04.05"]
[Round "3.12"]
[White "Julia, Ernesto"]
[Black "Lopez, Sebastian"]
[Result "1-0"]
[WhiteElo "2374"]
[BlackElo "2013"]

1. g3 Nf6 2. Bg2 g6 3. Nf3 Bg7 4. c4 c5 5. O-O O-O 6. Nc3 d5 7. cxd5 Nxd5 8.
Ng5 e6 9. d3 Nc6 10. Nxd5 exd5 11. Nh3 Be6 12. Nf4 Qd7 13. Rb1 Rac8 14. Be3
Nd4 15. Re1 Nf5 16. Bd2 Rfe8 17. h4 h5 18. Nxe6 Rxe6 19. Bh3 Rce8 20. Bxf5
gxf5 21. e3 Qb5 22. Qc2 d4 23. exd4 Rxe1+ 24. Rxe1 Rxe1+ 25. Bxe1 Bxd4 26. b3
Qe8 27. Qd1 Qe5 28. Kg2 f4 29. gxf4 Qxf4 30. Qxh5 Bf6 31. f3 Qe3 32. Qg4+ Kf8
33. Qe4 Qc1 34. Qe2 Qf4 35. Bg3 Qd4 36. Qe4 Qb2+ 37. Kh3 Qxa2 38. Bd6+ Kg7 39.
Qg4+ Kh7 40. Qf5+ Kg7 41. h5 Qa1 42. Bxc5 b6 43. Bf2 Qh1+ 44. Kg4 Qg2+ 45.
Bg3 Qh1 46. Qd7 Qc1 47. Qb5 Qc8+ 48. Qf5 Qc1 49. Bf2 Qd2 50. Bg3 Qc1 51. b4
Qd2 52. Kh3 Qc1 53. Qg4+ Kh7 54. Qc4 Qh1+ 55. Kg4 Kg7 56. b5 Qa1 57. Qd5 Qc1
58. Bf4 Qg1+ 59. Kf5 Qd4 60. Qxd4 Bxd4 61. Be5+ Bxe5 62. Kxe5 1-0

[Event "87th Argentinean Championship"]
[Site "Villa Martelli, ARG"]
[Date "2013.04.05"]
[Round "3.13"]
[White "Mahia, Gustavo"]
[Black "Maldonado, Marcos"]
[Result "1-0"]
[WhiteElo "2371"]
[BlackElo "1991"]

1. e4 e5 2. Nf3 Nc6 3. Bc4 Bc5 4. b4 Bxb4 5. c3 Bd6 6. d4 h6 7. O-O Qf6 8.
Na3 a6 9. Nc2 b5 10. Bd5 Nge7 11. dxe5 Bxe5 12. Nxe5 Qxe5 13. Ba3 Rb8 14. f4
Qxc3 15. Rf3 Qa5 16. Rg3 Qb6+ 17. Kh1 g6 18. Bb2 Rh7 19. f5 g5 20. Ne3 Nb4 21.
Ng4 Nbxd5 22. exd5 Ng8 23. Qe2+ Kf8 24. Re1 Bb7 25. Re3 f6 26. Re8+ Rxe8 27.
Qxe8+ Kg7 28. Qg6+ 1-0

[Event "87th Argentinean Championship"]
[Site "Villa Martelli, ARG"]
[Date "2013.04.05"]
[Round "3.14"]
[White "Nieva, Jose Luis"]
[Black "Cuevas, Alex"]
[Result "0-1"]
[WhiteElo "2039"]
[BlackElo "2298"]

1. d4 Nf6 2. Nf3 e6 3. c4 d5 4. Nc3 c6 5. Bg5 Nbd7 6. cxd5 exd5 7. e3 Be7 8.
Bd3 Nf8 9. Qc2 g6 10. h3 Ne6 11. Bh4 O-O 12. g4 Re8 13. O-O-O Bd7 14. Kb1 c5
15. g5 Nh5 16. Nxd5 Bc6 17. Nxe7+ Qxe7 18. d5 Bxd5 19. e4 Bc6 20. Rhe1 Qc7
21. Qc3 Qf4 22. Bf1 Nd4 23. Nxd4 cxd4 24. Rxd4 Qxh4 25. Bc4 Qxg5 26. f4 Nxf4
27. Rf1 Ne6 28. Qf3 Nxd4 29. Qxf7+ Kh8 0-1

[Event "87th Argentinean Championship"]
[Site "Villa Martelli, ARG"]
[Date "2013.04.05"]
[Round "3.15"]
[White "Perez, Maximiliano"]
[Black "Rivero, Raul Omar"]
[Result "1-0"]
[WhiteElo "2298"]
[BlackElo "1892"]

1. d4 d5 2. c4 c6 3. Nc3 Nf6 4. e3 Nbd7 5. Nf3 e6 6. Qc2 Be7 7. b3 O-O 8. Bd3
Re8 9. O-O Nf8 10. e4 dxe4 11. Nxe4 Ng6 12. Re1 a5 13. a3 Bd7 14. Neg5 Bd6
15. Ne5 Bxe5 16. dxe5 Ng4 17. Bxg6 hxg6 18. h3 Nh6 19. Ne4 Rf8 20. Bxh6 gxh6
21. Nf6+ 1-0

[Event "87th Argentinean Championship"]
[Site "Villa Martelli, ARG"]
[Date "2013.04.05"]
[Round "3.16"]
[White "Tomas Falcon, Jesus"]
[Black "Fiori, Hector Dionisio"]
[Result "0-1"]
[WhiteElo "1896"]
[BlackElo "2171"]

1. e4 c5 2. Nf3 e6 3. d4 cxd4 4. Nxd4 a6 5. Be2 Qc7 6. O-O Nf6 7. Nc3 Nc6 8.
Be3 b5 9. Nxc6 dxc6 10. Bf3 e5 11. Ne2 Ng4 12. Bd2 Be6 13. h3 Nf6 14. b3 Be7
15. Qc1 c5 16. Qb2 O-O 17. g4 Rfd8 18. Rad1 c4 19. Bc3 Nd7 20. b4 f6 21. Bg2
Nb6 22. f4 Na4 23. Qa1 Qb6+ 24. Kh1 Qe3 25. Rde1 exf4 26. Bd4 Qd2 27. c3 f3
28. Bxf3 Nb2 29. Ng3 Rxd4 30. cxd4 Nd3 31. Nf5 Bxb4 32. Re2 Qc3 33. Qxc3 Bxc3
34. e5 Re8 35. exf6 gxf6 36. Rxe6 Rxe6 37. Bd5 Kf7 38. g5 Nb4 39. Nh6+ Ke7
40. Bxe6 Kxe6 41. gxf6 Bxd4 42. f7 Bg7 43. f8=Q Bxf8 44. Rxf8 c3 45. a3 Nc6 46.
Ng4 a5 47. Rf6+ Kd5 48. Ne3+ Kc5 49. Kg2 b4 50. axb4+ axb4 51. Kf2 b3 52.
Ke2 b2 53. Rf1 Kb4 54. Kf3 Kb3 55. Kg4 Ne5+ 56. Kh5 Nd3 57. Kh6 Nc1 58. Rf8 Nd3
59. Rf1 Nc1 60. Rf8 Nd3 61. Rf1 Nf4 62. h4 Ng6 63. h5 Nf4 64. Kg5 Ng2 65.
Nxg2 c2 66. Kh6 b1=Q 67. Rf3+ Kb4 68. Rf4+ Kb5 69. Rf5+ Kc6 70. Rf6+ Kd7 71.
Kxh7 c1=Q+ 72. Rg6 Ke8 73. Nh4 Qc7+ 74. Kh6 Qbc1+ 75. Rg5 Qe7 76. Nf3 Qf6+ 0-1

[Event "87th Argentinean Championship"]
[Site "Villa Martelli, ARG"]
[Date "2013.04.05"]
[Round "3.20"]
[White "Malbran, Guillermo"]
[Black "Lopez Rebert, Pablo"]
[Result "1-0"]
[WhiteElo "2198"]
[BlackElo "2049"]

1. e4 e6 2. Qe2 Be7 3. f4 c5 4. Nf3 Nc6 5. d3 Nf6 6. g3 d5 7. e5 Ng4 8. Bh3
Nh6 9. O-O Nf5 10. c3 Bd7 11. Na3 Qb6 12. Nc2 g6 13. Ne3 h5 14. Bxf5 gxf5 15.
Ng2 d4 16. Ng5 Bd8 17. c4 Ne7 18. Bd2 Ng6 19. Nh4 Bxg5 20. fxg5 Qc7 21. Rfe1
Bc6 22. b4 b6 23. a4 Nxh4 24. gxh4 Bb7 25. Kf2 a5 26. bxa5 bxa5 27. Rg1 O-O-O
28. Rab1 Bc6 29. Qe1 Bb7 30. Bxa5 Qc6 31. Qd1 Rdg8 32. Rb6 Qc7 33. Qe2 f6
34. Rgb1 Bc6 35. Rb8+ Qxb8 36. Rxb8+ Kxb8 37. exf6 Rc8 38. Qe5+ Ka8 39. f7 Rb8
40. Bd2 Rhc8 41. Qxc5 e5 42. f8=Q Rxf8 43. Qxc6+ Ka7 44. Bb4 Rxb4 45. Qc5+
Rb6 46. a5 1-0

[Event "87th Argentinean Championship"]
[Site "Villa Martelli, ARG"]
[Date "2013.04.05"]
[Round "3.21"]
[White "Ferrara, Alexis Roberto"]
[Black "Leal, Jorge Augusto"]
[Result "1/2-1/2"]
[WhiteElo "2195"]
[BlackElo "1863"]

1. d4 d5 2. c4 c6 3. Nc3 Nf6 4. Bg5 e6 5. Nf3 Be7 6. e3 Nbd7 7. Bd3 b6 8. O-O
O-O 9. Bxf6 Nxf6 10. Ne5 Bb7 11. f4 c5 12. cxd5 Nxd5 13. Qf3 cxd4 14. exd4
Nxc3 15. Qxb7 Qxd4+ 16. Kh1 Nd5 17. Rad1 Qxb2 18. Be4 Nc3 19. Qxe7 Nxe4 20.
Qh4 Nf6 21. Rd3 Rad8 22. Rg3 Ne4 23. Rgf3 Qe2 24. Nc6 Rd7 25. Re1 g5 26. fxg5
Rd1 27. Rg1 Rxg1+ 28. Kxg1 Nd2 29. Ne7+ Kh8 30. Ng6+ Kg8 31. Ne7+ Kh8 32. Ng6+
1/2-1/2